000
00184 a2200097 4500
020
_a
620562007578
041
_a
eng
100
_a
Crystal Bowman
245
_a
Morning Mr Ted
942
_c
K
999
_c
26695
_d
26695